000
00303nam a2200121Ia 4500
008
190216s9999||||xx |||||||||||||| ||und||
100
_a
Sheik Am
245
0
_a
Human Resource Development & Management
260
_b
S Chand & Co
_c
2003
300
_a
269
650
_a
Human Resource Management
942
_c
BK
999
_c
6577
_d
6577